000 01091nam a22002537a 4500
005 20170124103214.0
010 _aB-047998
020 _c150.00
_a8177210130
035 _aB-047998
037 _bCen Lib/Ret
040 _aDPL
_bHN
082 _a005.754
_bभूषण
100 _aभूषण, विनय
_997225
245 _a1000 कम्प्यूटर-इंटरनेट प्रश्नोत्तरी /
_cविनय भूषण
246 _a1000 computer-internet prashnottari /
_bby Vinay Bhushan
260 _aदिल्ली
_bसत्साहित्य प्रकाशन
_c2001
270 _bदिल्ली
_a205-बी, चावड़ी बाजार
_e110006
300 _a169पृ.
_c20सेमी(सजिल्द)
650 _aप्रश्न -- कंप्यूटर
_x
_z
_997226
650 _aकंप्यूटर और इंटरनेट
_91440
650 _aQuestions - computer
_997227
650 _aComputers and Internet
_997228
942 _2ddc
_cHN
_h005.754
_mभूषण
999 _c121416
_d121416